Ginger economy of Kerala (Record no. 14492)

MARC details
000 -LEADER
fixed length control field 00387nam a2200145Ia 4500
082 ## - DEWEY DECIMAL CLASSIFICATION NUMBER
Classification number TG.0314
100 ## - MAIN ENTRY--AUTHOR NAME
Personal name George, Leena
245 #0 - TITLE STATEMENT
Title Ginger economy of Kerala
260 ## - PUBLICATION, DISTRIBUTION, ETC. (IMPRINT)
Year of publication 1996
Name of publisher Cochin University of Science and Technology
300 ## - PHYSICAL DESCRIPTION
Number of Pages 196p.+ C D - 36
650 ## - SUBJECT ADDED ENTRY--TOPICAL TERM
Topical Term GINGER - MARKETING - KERALA
650 ## - SUBJECT ADDED ENTRY--TOPICAL TERM
Topical Term GINGER INDUSTRY - KERALA
710 ## - ADDED ENTRY--CORPORATE NAME
Corporate name or jurisdiction name as entry element Francis, C.A.
942 ## - ADDED ENTRY ELEMENTS (KOHA)
Koha item type Thesis
Source of classification or shelving scheme Dewey Decimal Classification
Holdings
Withdrawn status Lost status Damaged status Not for loan Home library Current library Date acquired Bill Date Full call number Accession Number Price effective from Koha item type
        NASSDOC Library NASSDOC Library 08/10/2004 2008-12-30 TG.0314 36459 18/04/2019 Thesis